<?xml version="1.0" encoding="UTF-8"?>
<record
    xmlns:xsi="http://www.w3.org/2001/XMLSchema-instance"
    xsi:schemaLocation="http://www.loc.gov/MARC21/slim http://www.loc.gov/standards/marcxml/schema/MARC21slim.xsd"
    xmlns="http://www.loc.gov/MARC21/slim">

  <leader>00558nam a22001577a 4500</leader>
  <controlfield tag="003">OSt</controlfield>
  <controlfield tag="005">20150915095058.0</controlfield>
  <controlfield tag="008">150915b        xxu||||| |||| 00| 0 eng d</controlfield>
  <datafield tag="040" ind1=" " ind2=" ">
    <subfield code="c">RUA</subfield>
  </datafield>
  <datafield tag="082" ind1=" " ind2=" ">
    <subfield code="a">AGR BAO 1999 B024 Or.1</subfield>
  </datafield>
  <datafield tag="100" ind1=" " ind2=" ">
    <subfield code="9">483</subfield>
    <subfield code="a">BAO, VUTHY,</subfield>
  </datafield>
  <datafield tag="245" ind1=" " ind2=" ">
    <subfield code="a">Incorporating farmers'knowlage in research planning &#x1780;&#x17B6;&#x179A;&#x1794;&#x1789;&#x17D2;&#x1785;&#x17BC;&#x179B;&#x1785;&#x17C6;&#x1793;&#x17C1;&#x17C7;&#x178A;&#x17B9;&#x1784;&#x1780;&#x179F;&#x17B7;&#x1780;&#x179A;&#x1780;&#x17D2;&#x1793;&#x17BB;&#x1784;&#x1780;&#x17B6;&#x179A;&#x1792;&#x17D2;&#x179C;&#x17BE;&#x1795;&#x17C2;&#x1793;&#x1780;&#x17B6;&#x179A;&#x179F;&#x17D2;&#x179A;&#x17B6;&#x179C;&#x1787;&#x17D2;&#x179A;&#x17B6;&#x179C;</subfield>
  </datafield>
  <datafield tag="260" ind1=" " ind2=" ">
    <subfield code="a">Phnom Penh </subfield>
    <subfield code="b">RUA</subfield>
    <subfield code="c">1999</subfield>
  </datafield>
  <datafield tag="300" ind1=" " ind2=" ">
    <subfield code="a">42p.</subfield>
    <subfield code="b">ill.</subfield>
    <subfield code="c">29cm.</subfield>
  </datafield>
  <datafield tag="942" ind1=" " ind2=" ">
    <subfield code="2">ddc</subfield>
    <subfield code="c">AGR</subfield>
  </datafield>
  <datafield tag="999" ind1=" " ind2=" ">
    <subfield code="c">463</subfield>
    <subfield code="d">463</subfield>
  </datafield>
  <datafield tag="952" ind1=" " ind2=" ">
    <subfield code="0">0</subfield>
    <subfield code="1">0</subfield>
    <subfield code="2">ddc</subfield>
    <subfield code="4">0</subfield>
    <subfield code="6">AGR_BAO_1999_000000000000000_B024_OR_1</subfield>
    <subfield code="7">0</subfield>
    <subfield code="9">2175</subfield>
    <subfield code="a">LBB</subfield>
    <subfield code="b">LBB</subfield>
    <subfield code="c">B024</subfield>
    <subfield code="d">2015-09-15</subfield>
    <subfield code="o">AGR BAO 1999 B024 Or.1</subfield>
    <subfield code="p">RUA005043</subfield>
    <subfield code="r">2015-09-15</subfield>
    <subfield code="w">2015-09-15</subfield>
    <subfield code="y">AGR</subfield>
  </datafield>
  <datafield tag="952" ind1=" " ind2=" ">
    <subfield code="0">0</subfield>
    <subfield code="1">0</subfield>
    <subfield code="2">ddc</subfield>
    <subfield code="4">0</subfield>
    <subfield code="6">AGR_BAO_1999_000000000000000_B024_OR_2</subfield>
    <subfield code="7">0</subfield>
    <subfield code="9">2176</subfield>
    <subfield code="a">LBB</subfield>
    <subfield code="b">LBB</subfield>
    <subfield code="c">B024</subfield>
    <subfield code="d">2015-09-15</subfield>
    <subfield code="o">AGR BAO 1999 B024 Or.2</subfield>
    <subfield code="p">RUA005264</subfield>
    <subfield code="r">2015-09-15</subfield>
    <subfield code="w">2015-09-15</subfield>
    <subfield code="y">AGR</subfield>
  </datafield>
  <datafield tag="952" ind1=" " ind2=" ">
    <subfield code="0">0</subfield>
    <subfield code="1">0</subfield>
    <subfield code="2">ddc</subfield>
    <subfield code="4">0</subfield>
    <subfield code="6">AGR_BAO_1999_000000000000000_B024_OR_3</subfield>
    <subfield code="7">0</subfield>
    <subfield code="9">2177</subfield>
    <subfield code="a">LBB</subfield>
    <subfield code="b">LBB</subfield>
    <subfield code="c">B024</subfield>
    <subfield code="d">2015-09-15</subfield>
    <subfield code="o">AGR BAO 1999 B024 Or.3</subfield>
    <subfield code="p">RUA005192</subfield>
    <subfield code="r">2015-09-15</subfield>
    <subfield code="w">2015-09-15</subfield>
    <subfield code="y">AGR</subfield>
  </datafield>
  <datafield tag="952" ind1=" " ind2=" ">
    <subfield code="0">0</subfield>
    <subfield code="1">0</subfield>
    <subfield code="2">ddc</subfield>
    <subfield code="4">0</subfield>
    <subfield code="6">AGR_BAO_1999_000000000000000_B024_OR_4</subfield>
    <subfield code="7">0</subfield>
    <subfield code="9">2178</subfield>
    <subfield code="a">LBB</subfield>
    <subfield code="b">LBB</subfield>
    <subfield code="c">B024</subfield>
    <subfield code="d">2015-09-15</subfield>
    <subfield code="o">AGR BAO 1999 B024 Or.4</subfield>
    <subfield code="p">RUA005271</subfield>
    <subfield code="r">2015-09-15</subfield>
    <subfield code="w">2015-09-15</subfield>
    <subfield code="y">AGR</subfield>
  </datafield>
  <datafield tag="952" ind1=" " ind2=" ">
    <subfield code="0">0</subfield>
    <subfield code="1">0</subfield>
    <subfield code="2">ddc</subfield>
    <subfield code="4">0</subfield>
    <subfield code="6">AGR_BAO_1999_000000000000000_B024_OR_5</subfield>
    <subfield code="7">0</subfield>
    <subfield code="9">2179</subfield>
    <subfield code="a">LBB</subfield>
    <subfield code="b">LBB</subfield>
    <subfield code="c">B024</subfield>
    <subfield code="d">2015-09-15</subfield>
    <subfield code="o">AGR BAO 1999 B024 Or.5</subfield>
    <subfield code="p">RUA005120</subfield>
    <subfield code="r">2015-09-15</subfield>
    <subfield code="w">2015-09-15</subfield>
    <subfield code="y">AGR</subfield>
  </datafield>
  <datafield tag="952" ind1=" " ind2=" ">
    <subfield code="0">0</subfield>
    <subfield code="1">0</subfield>
    <subfield code="2">ddc</subfield>
    <subfield code="4">0</subfield>
    <subfield code="6">AGR_BAO_1999_000000000000000_B024_OR_6</subfield>
    <subfield code="7">0</subfield>
    <subfield code="9">2180</subfield>
    <subfield code="a">LBB</subfield>
    <subfield code="b">LBB</subfield>
    <subfield code="c">B024</subfield>
    <subfield code="d">2015-09-15</subfield>
    <subfield code="o">AGR BAO 1999 B024 Or.6</subfield>
    <subfield code="p">RUA005044</subfield>
    <subfield code="r">2015-09-15</subfield>
    <subfield code="w">2015-09-15</subfield>
    <subfield code="y">AGR</subfield>
  </datafield>
  <datafield tag="952" ind1=" " ind2=" ">
    <subfield code="0">0</subfield>
    <subfield code="1">0</subfield>
    <subfield code="2">ddc</subfield>
    <subfield code="4">0</subfield>
    <subfield code="6">AGR_BAO_1999_000000000000000_B024_OR_7</subfield>
    <subfield code="7">0</subfield>
    <subfield code="9">2181</subfield>
    <subfield code="a">LBB</subfield>
    <subfield code="b">LBB</subfield>
    <subfield code="c">B024</subfield>
    <subfield code="d">2015-09-15</subfield>
    <subfield code="o">AGR BAO 1999 B024 Or.7</subfield>
    <subfield code="p">RUA005257</subfield>
    <subfield code="r">2015-09-15</subfield>
    <subfield code="w">2015-09-15</subfield>
    <subfield code="y">AGR</subfield>
  </datafield>
  <datafield tag="952" ind1=" " ind2=" ">
    <subfield code="0">0</subfield>
    <subfield code="1">0</subfield>
    <subfield code="2">ddc</subfield>
    <subfield code="4">0</subfield>
    <subfield code="6">AGR_BAO_1999_000000000000000_B024_OR_8</subfield>
    <subfield code="7">0</subfield>
    <subfield code="9">2182</subfield>
    <subfield code="a">LBB</subfield>
    <subfield code="b">LBB</subfield>
    <subfield code="c">B024</subfield>
    <subfield code="d">2015-09-15</subfield>
    <subfield code="o">AGR BAO 1999 B024 Or.8</subfield>
    <subfield code="p">RUA005117</subfield>
    <subfield code="r">2015-09-15</subfield>
    <subfield code="w">2015-09-15</subfield>
    <subfield code="y">AGR</subfield>
  </datafield>
  <datafield tag="952" ind1=" " ind2=" ">
    <subfield code="0">0</subfield>
    <subfield code="1">0</subfield>
    <subfield code="2">ddc</subfield>
    <subfield code="4">0</subfield>
    <subfield code="6">AGR_BAO_1999_000000000000000_B024_OR_9</subfield>
    <subfield code="7">0</subfield>
    <subfield code="9">2183</subfield>
    <subfield code="a">LBB</subfield>
    <subfield code="b">LBB</subfield>
    <subfield code="c">B024</subfield>
    <subfield code="d">2015-09-15</subfield>
    <subfield code="o">AGR BAO 1999 B024 Or.9</subfield>
    <subfield code="p">RUA005045</subfield>
    <subfield code="r">2015-09-15</subfield>
    <subfield code="w">2015-09-15</subfield>
    <subfield code="y">AGR</subfield>
  </datafield>
</record>
